都営新宿線駅クイズ - Statistics

General Stats
  • This quiz has been taken 144 times
  • The average score is 16 of 21
Answer Stats
駅番号 % Correct
S01 新宿
99%
S21 本八幡
90%
S02 新宿三丁目
89%
S04 市ヶ谷
86%
S05 九段下
86%
S06 神保町
82%
S15 大島
82%
S03 曙橋
81%
S08 岩本町
81%
S16 東大島
78%
S09 馬喰横山
75%
S11 森下
75%
S14 西大島
73%
S13 住吉
71%
S18 一之江
71%
S20 篠崎
71%
S19 瑞江駅
70%
S07 小川町
69%
S17 船堀
63%
S10 浜町
61%
S12 菊川
58%
No matching quizzes found
Score Distribution
Percent of People with Each Score
Percentile by Number Answered
Your Score History
You have not taken this quiz